[Event "NB I. Charousek csoport"]
[Site "Nagykanizsa"]
[Date "2023.10.15"]
[Round "2.8"]
[White "Hardicsay, Peter"]
[Black "Molnar, Gabor"]
[Result "1/2-1/2"]
[WhiteElo "2176"]
[BlackElo "1963"]
[PlyCount "98"]
[EventDate "2023.10.08"]
[EventType "team-tourn"]
[EventRounds "11"]
[EventCountry "HUN"]
[Source "chess.hu"]
[WhiteTeam "Tuxera ANSK II."]
[BlackTeam "Szechenyi ESE Gyor"]
[WhiteTeamCountry "HUN"]
[BlackTeamCountry "HUN"]

1. Nf3 Nf6 2. c4 g6 3. g3 Bg7 4. Bg2 O-O 5. O-O d6 6. d4 Nbd7 7. Nc3 e5 8. e4
a5 9. h3 exd4 10. Nxd4 Nc5 11. Re1 c6 12. Rb1 Re8 13. Qc2 Nfxe4 14. Nxe4 Bxd4
15. Bg5 Qd7 16. Nf6+ Bxf6 17. Bxf6 Re6 18. Bc3 Qe7 19. b3 f6 20. Qd2 Bd7 21.
Rxe6 Bxe6 22. Rd1 a4 23. b4 Na6 24. Bf1 d5 25. Re1 Qf7 26. c5 Nc7 27. a3 Rd8
28. Qd4 Kg7 29. Bb2 Bc8 30. f4 Ne6 31. Qd1 h5 32. h4 Re8 33. Kf2 Qc7 34. Qxa4
Kf7 35. Qd1 Ng7 36. Qd4 Qd8 37. Rxe8 Nxe8 38. a4 Ng7 39. a5 Nf5 40. Qd2 Qe7 41.
Qe2 Qe4 42. Qxe4 dxe4 43. b5 e3+ 44. Kf3 Be6 45. Bd3 Bd5+ 46. Ke2 cxb5 47. Bxf5
gxf5 48. Kxe3 Ke6 49. Bc3 Bc6 1/2-1/2

[Event "NB I. Charousek csoport"]
[Site "Nagykanizsa"]
[Date "2023.10.15"]
[Round "2.9"]
[White "Kocsis, Tihamer"]
[Black "Varga, Richard"]
[Result "0-1"]
[WhiteElo "1893"]
[BlackElo "2088"]
[PlyCount "102"]
[EventDate "2023.10.08"]
[EventType "team-tourn"]
[EventRounds "11"]
[EventCountry "HUN"]
[Source "chess.hu"]
[WhiteTeam "Szechenyi ESE Gyor"]
[BlackTeam "Tuxera ANSK II."]
[WhiteTeamCountry "HUN"]
[BlackTeamCountry "HUN"]

1. e4 e5 2. Nf3 Nc6 3. d4 exd4 4. Nxd4 Bc5 5. Nb3 Bb6 6. Nc3 Nf6 7. Qe2 d6 8.
Be3 Qe7 9. f3 Bxe3 10. Qxe3 d5 11. O-O-O O-O 12. Nxd5 Nxd5 13. Rxd5 Nb4 14. Rd2
Nxa2+ 15. Kb1 Nb4 16. Qc5 Qxc5 17. Nxc5 b6 18. Nd3 a5 19. c3 Na6 20. Kc2 f5 21.
Ne5 Be6 22. exf5 Rxf5 23. Nc6 Rff8 24. Bb5 Nc5 25. Nd4 Bf7 26. Rhd1 a4 27. c4
a3 28. b4 a2 29. Ra1 Bg6+ 30. Kd1 Nd3 31. Nc6 Rfe8 32. Rdxa2 Re1+ 33. Kd2 Rxa1
34. Rxa8+ Rxa8 35. Ne7+ Kf7 36. Nxg6 Kxg6 37. Kxd3 Ra2 38. g4 Rxh2 39. Bc6 Kg5
40. Ke3 Rb2 41. b5 g6 42. Bd7 Kf6 43. f4 h5 44. g5+ Ke7 45. Bc6 h4 46. Kf3 h3
47. Kg3 h2 48. Bg2 Ke6 49. Kxh2 Kf5 50. Kg3 Rxg2+ 51. Kxg2 Kxf4 0-1

[Event "NB I. Charousek csoport"]
[Site "Nagykanizsa"]
[Date "2023.10.15"]
[Round "2.10"]
[White "Sipos, Janos"]
[Black "Horvath, Laszlo"]
[Result "1-0"]
[WhiteElo "2161"]
[BlackElo "1874"]
[PlyCount "49"]
[EventDate "2023.10.08"]
[EventType "team-tourn"]
[EventRounds "11"]
[EventCountry "HUN"]
[Source "chess.hu"]
[WhiteTeam "Tuxera ANSK II."]
[BlackTeam "Szechenyi ESE Gyor"]
[WhiteTeamCountry "HUN"]
[BlackTeamCountry "HUN"]

1. c4 Nf6 2. g3 c5 3. Bg2 Nc6 4. Nf3 b6 5. d4 cxd4 6. Nxd4 Bb7 7. O-O g6 8. e4
Nxd4 9. Qxd4 d6 10. e5 Bxg2 11. Kxg2 dxe5 12. Qxe5 Bg7 13. Re1 O-O 14. Nc3 Re8
15. Qb5 Rc8 16. Be3 Qc7 17. b3 Ng4 18. Rac1 e6 19. f3 Qb7 20. Ne4 Nxe3+ 21.
Rxe3 Red8 22. Rce1 Bh6 23. R3e2 Rd3 24. c5 f5 25. Qxd3 1-0

[Event "NB I. Charousek csoport"]
[Site "Nagykanizsa"]
[Date "2023.10.15"]
[Round "2.11"]
[White "Szabo - Thomka, Daniel"]
[Black "Babits, Andras"]
[Result "0-1"]
[WhiteElo "1839"]
[BlackElo "2043"]
[PlyCount "110"]
[EventDate "2023.10.08"]
[EventType "team-tourn"]
[EventRounds "11"]
[EventCountry "HUN"]
[Source "chess.hu"]
[WhiteTeam "Szechenyi ESE Gyor"]
[BlackTeam "Tuxera ANSK II."]
[WhiteTeamCountry "HUN"]
[BlackTeamCountry "HUN"]

1. e4 e5 2. Nf3 Nc6 3. d4 d6 4. Bb5 exd4 5. Nxd4 Bd7 6. O-O Be7 7. Be3 Nf6 8.
Nc3 O-O 9. a3 Ng4 10. Bf4 Nxd4 11. Bxd7 Qxd7 12. Qxd4 Bf6 13. Qb4 a5 14. Qb3
Rfe8 15. Nd5 Bd4 16. Qc4 Rxe4 17. Qxc7 Qb5 18. c4 Qxb2 19. h3 Rxf4 20. Nxf4
Nxf2 21. Nd5 Ne4+ 22. Kh1 Ng3+ 23. Kh2 Nxf1+ 24. Rxf1 Be5+ 25. Kh1 Rf8 26. Ne7+
Kh8 27. Nf5 Qe2 28. Rg1 Qd3 29. Qe7 Kg8 30. Qg5 g6 31. Nh6+ Kg7 32. Ng4 f6 33.
Qh6+ Kg8 34. Ne3 f5 35. Rd1 Qe2 36. Rb1 Bg7 37. Qf4 Re8 38. Nf1 Qe4 39. Qc1 Be5
40. Rb3 f4 41. Nd2 Qc6 42. Qb1 Re7 43. Rb6 Qc7 44. Qb3 a4 45. Qb1 Bd4 46. Rb4
Bc3 47. Rxa4 Bxd2 48. Ra8+ Kf7 49. Qb2 Be3 50. Qh8 Ke6 51. Rd8 Rf7 52. Qg8 Kf5
53. Rc8 Qe7 54. Re8 Qf6 55. g4+ Kg5 0-1

[Event "NB I. Charousek csoport"]
[Site "Nagykanizsa"]
[Date "2023.10.15"]
[Round "2.12"]
[White "Beznicza, Mira"]
[Black "Farkas, Virag"]
[Result "1-0"]
[WhiteElo "1619"]
[BlackElo "1769"]
[PlyCount "23"]
[EventDate "2023.10.08"]
[EventType "team-tourn"]
[EventRounds "11"]
[EventCountry "HUN"]
[Source "chess.hu"]
[WhiteTeam "Tuxera ANSK II."]
[BlackTeam "Szechenyi ESE Gyor"]
[WhiteTeamCountry "HUN"]
[BlackTeamCountry "HUN"]

1. e4 e5 2. Nf3 Nc6 3. Bb5 Nge7 4. O-O a6 5. Ba4 g6 6. d3 Bg7 7. Be3 b5 8. Bb3
O-O 9. Qd2 d6 10. Bh6 Na5 11. Bxg7 Nxb3 12. Qh6 1-0

[Event "NB I. Charousek csoport"]
[Site "Balatonfured"]
[Date "2023.10.15"]
[Round "2.1"]
[White "Csiszar, Csaba"]
[Black "Fancsy, Imre"]
[Result "1/2-1/2"]
[WhiteElo "2382"]
[BlackElo "2350"]
[PlyCount "23"]
[EventDate "2023.10.08"]
[EventType "team-tourn"]
[EventRounds "11"]
[EventCountry "HUN"]
[Source "chess.hu"]
[WhiteTeam "Komloi BSK"]
[BlackTeam "Balatonfuredi SC"]
[WhiteTeamCountry "HUN"]
[BlackTeamCountry "HUN"]

1. d4 d5 2. Nf3 Nf6 3. c4 c6 4. Nc3 g6 5. cxd5 cxd5 6. g3 Bg7 7. Bg2 O-O 8. O-O
Ne4 9. Nd2 Nxd2 10. Bxd2 e6 11. e3 Nc6 12. h4 1/2-1/2

[Event "NB I. Charousek csoport"]
[Site "Balatonfured"]
[Date "2023.10.15"]
[Round "2.4"]
[White "Lyell, Mark"]
[Black "Amrein, Roland"]
[Result "1/2-1/2"]
[WhiteElo "2201"]
[BlackElo "2194"]
[PlyCount "80"]
[EventDate "2023.10.08"]
[EventType "team-tourn"]
[EventRounds "11"]
[EventCountry "HUN"]
[Source "chess.hu"]
[WhiteTeam "Balatonfuredi SC"]
[BlackTeam "Komloi BSK"]
[WhiteTeamCountry "HUN"]
[BlackTeamCountry "HUN"]

1. e4 c5 2. Nc3 e6 3. Nge2 Nc6 4. g3 d5 5. exd5 exd5 6. d4 Bg4 7. Bg2 Nxd4 8.
h3 Bf3 9. Kf1 Nf6 10. Bxf3 Nxf3 11. Nf4 Nd4 12. Be3 Nf5 13. Nfxd5 Nxd5 14. Nxd5
Qd7 15. Qf3 O-O-O 16. Rd1 Qe6 17. Kg2 Qg6 18. h4 h5 19. Bg5 f6 20. Be3 Bd6 21.
b4 Nxe3+ 22. Nxe3 cxb4 23. Nf5 Bc5 24. Rd5 Rxd5 25. Qxd5 Bf8 26. Rd1 Qe8 27.
Kg1 g6 28. Nd6+ Bxd6 29. Qxd6 Qc6 30. Qxc6+ bxc6 31. Rd6 Rf8 32. Rxc6+ Kb7 33.
Rc4 a5 34. Kf1 Re8 35. c3 bxc3 36. Rxc3 Kb6 37. Rd3 Kc6 38. Rc3+ Kb6 39. Rd3
Kc6 40. Rc3+ Kb6 1/2-1/2

[Event "NB I. Charousek csoport"]
[Site "Balatonfured"]
[Date "2023.10.15"]
[Round "2.5"]
[White "Kresz, Adam"]
[Black "Glatt, Gabor"]
[Result "1/2-1/2"]
[WhiteElo "2151"]
[BlackElo "2193"]
[PlyCount "105"]
[EventDate "2023.10.08"]
[EventType "team-tourn"]
[EventRounds "11"]
[EventCountry "HUN"]
[Source "chess.hu"]
[WhiteTeam "Komloi BSK"]
[BlackTeam "Balatonfuredi SC"]
[WhiteTeamCountry "HUN"]
[BlackTeamCountry "HUN"]

1. e4 d6 2. d4 Nf6 3. f3 Nbd7 4. c4 e5 5. Ne2 c6 6. d5 Be7 7. Be3 O-O 8. Nbc3
c5 9. g4 Ne8 10. Qd2 h6 11. O-O-O Bg5 12. Kb1 a6 13. h4 Bxe3 14. Qxe3 Nef6 15.
Ng3 Nh7 16. g5 hxg5 17. hxg5 Qxg5 18. Qf2 Rd8 19. Bh3 Ndf8 20. Rdg1 g6 21. Bxc8
Raxc8 22. Nd1 Rd7 23. Ne3 Qd8 24. Qh2 b5 25. Ngf5 f6 26. Nxd6 Rxd6 27. Rxg6+
Kh8 28. Ng4 Rc7 29. Rh6 Rg7 30. Ne3 Rdd7 31. f4 exf4 32. Qxf4 bxc4 33. Rxf6
Rg1+ 34. Rxg1 Qxf6 35. Nf5 Ng6 36. Qb8+ Rd8 37. Qc7 Rg8 38. Nh6 Rf8 39. Qxc5
Qf4 40. Qd4+ Qe5 41. Qxc4 Rf2 42. Qc3 Nhf8 43. Ng4 Qxc3 44. bxc3 Rf4 45. e5 Rf5
46. Re1 Rg5 47. e6 Rxg4 48. e7 Nxe7 49. Rxe7 Rc4 50. d6 Rxc3 51. d7 Rd3 52. Re8
Rxd7 53. Rxf8+ 1/2-1/2

[Event "NB I. Charousek csoport"]
[Site "Balatonfured"]
[Date "2023.10.15"]
[Round "2.6"]
[White "Forgacs, Attila"]
[Black "Benedek, Istvan"]
[Result "0-1"]
[WhiteElo "2036"]
[BlackElo "2109"]
[PlyCount "134"]
[EventDate "2023.10.08"]
[EventType "team-tourn"]
[EventRounds "11"]
[EventCountry "HUN"]
[Source "chess.hu"]
[WhiteTeam "Balatonfuredi SC"]
[BlackTeam "Komloi BSK"]
[WhiteTeamCountry "HUN"]
[BlackTeamCountry "HUN"]

1. e4 c5 2. Nf3 g6 3. d4 cxd4 4. Nxd4 Nc6 5. Nc3 Bg7 6. Be3 Nf6 7. Be2 O-O 8.
O-O d5 9. exd5 Nxd5 10. Nxd5 Qxd5 11. Bf3 Qc4 12. Nxc6 bxc6 13. c3 Rb8 14. Qd2
a5 15. b3 Qa6 16. Be2 Qb7 17. Bc4 Bf5 18. Rfd1 Qc7 19. Bf4 e5 20. Bg5 e4 21.
Bf4 Be5 22. Bxe5 Qxe5 23. Qd4 Qe7 24. Qd6 Qg5 25. Qg3 Qe7 26. Rd6 c5 27. Rad1
Rbd8 28. h3 Rde8 29. Qe3 Qc7 30. Qf4 Re7 31. Qe3 Re5 32. Qf4 Qe7 33. Qe3 Kg7
34. R6d5 Rc8 35. g4 Rxd5 36. Bxd5 Be6 37. Qxe4 Qd6 38. c4 Re8 39. Qf3 Qe5 40.
Bxe6 Rxe6 41. Rc1 Rf6 42. Qc3 Qf4 43. Rf1 h5 44. Qg3 hxg4 45. hxg4 Qxg3+ 46.
fxg3 Rd6 47. Kg2 a4 48. bxa4 Ra6 49. Rf2 Rxa4 50. Rc2 Kf6 51. Kf3 Ke5 52. Re2+
Kf6 53. g5+ Kxg5 54. Re5+ f5 55. Rxc5 Ra3+ 56. Kf2 Kg4 57. Rc6 g5 58. c5 Rxa2+
59. Ke3 Kxg3 60. Kd4 f4 61. Rf6 f3 62. c6 Ra8 63. Ke4 g4 64. c7 f2 65. Ke3 Re8+
66. Kd2 Kg2 67. Re6 Rc8 0-1

[Event "NB I. Charousek csoport"]
[Site "Balatonfured"]
[Date "2023.10.15"]
[Round "2.7"]
[White "Jeszenszky, Jozsef"]
[Black "Salavecz, Gergely"]
[Result "1/2-1/2"]
[WhiteElo "2049"]
[BlackElo "2008"]
[PlyCount "35"]
[EventDate "2023.10.08"]
[EventType "team-tourn"]
[EventRounds "11"]
[EventCountry "HUN"]
[Source "chess.hu"]
[WhiteTeam "Komloi BSK"]
[BlackTeam "Balatonfuredi SC"]
[WhiteTeamCountry "HUN"]
[BlackTeamCountry "HUN"]

1. d4 d5 2. c4 dxc4 3. e3 e6 4. Bxc4 a6 5. Nf3 c5 6. O-O Nf6 7. Qe2 b5 8. Bd3
Bb7 9. a4 c4 10. Bc2 Nc6 11. b3 cxb3 12. Bxb3 b4 13. Nbd2 Be7 14. Nc4 a5 15.
Bb2 Ne4 16. Bc2 Nb8 17. Nfe5 O-O 18. Qd3 1/2-1/2

[Event "NB I. Charousek csoport"]
[Site "Balatonfured"]
[Date "2023.10.15"]
[Round "2.8"]
[White "Vargyas, Zoltan"]
[Black "Solty, Laszlo"]
[Result "1/2-1/2"]
[WhiteElo "1903"]
[BlackElo "2055"]
[PlyCount "60"]
[EventDate "2023.10.08"]
[EventType "team-tourn"]
[EventRounds "11"]
[EventCountry "HUN"]
[Source "chess.hu"]
[WhiteTeam "Balatonfuredi SC"]
[BlackTeam "Komloi BSK"]
[WhiteTeamCountry "HUN"]
[BlackTeamCountry "HUN"]

1. d4 Nf6 2. Nf3 g6 3. c4 Bg7 4. Nc3 d5 5. Bf4 O-O 6. Rc1 c6 7. e3 e6 8. Be2
dxc4 9. Bxc4 Nd5 10. Be5 f6 11. Bg3 Re8 12. O-O Nxc3 13. Rxc3 Nd7 14. b4 Nb6
15. Be2 Nd5 16. Rb3 Bf8 17. Qd2 a5 18. b5 Bd7 19. Rfb1 a4 20. R3b2 Qa5 21. Qxa5
Rxa5 22. bxc6 Bxc6 23. Bb5 Rc8 24. Bxc6 bxc6 25. Rc2 Raa8 26. Rc4 Ra6 27. Ne1
Rb6 28. Rxb6 Nxb6 29. Rc2 c5 30. dxc5 Rxc5 1/2-1/2

[Event "NB I. Charousek csoport"]
[Site "Balatonfured"]
[Date "2023.10.15"]
[Round "2.9"]
[White "Jaro, Benjamin"]
[Black "Bartha, Sandor"]
[Result "1/2-1/2"]
[WhiteElo "2002"]
[BlackElo "2008"]
[PlyCount "126"]
[EventDate "2023.10.08"]
[EventType "team-tourn"]
[EventRounds "11"]
[EventCountry "HUN"]
[Source "chess.hu"]
[WhiteTeam "Komloi BSK"]
[BlackTeam "Balatonfuredi SC"]
[WhiteTeamCountry "HUN"]
[BlackTeamCountry "HUN"]

1. c4 c5 2. Nc3 g6 3. g3 Bg7 4. Bg2 Nf6 5. e3 O-O 6. Nge2 d6 7. O-O Nbd7 8. d4
Rb8 9. d5 Ne8 10. b3 Nc7 11. Bb2 b5 12. cxb5 Nxb5 13. Nxb5 Rxb5 14. Bxg7 Kxg7
15. e4 Ba6 16. Re1 Rb8 17. Nf4 Kg8 18. h4 Qa5 19. h5 Ne5 20. Nh3 Bc8 21. Re3
Qb6 22. Nf4 a5 23. Bf3 Qa7 24. Be2 Ba6 25. Nd3 Bxd3 26. Bxd3 Rb4 27. Be2 a4 28.
a3 Rxb3 29. Rxb3 axb3 30. Qxb3 Rb8 31. Qe3 Qa4 32. Bd1 Qa7 33. Qc3 f6 34. hxg6
hxg6 35. Bc2 Kg7 36. Kg2 Rh8 37. Rh1 Rxh1 38. Kxh1 Qa6 39. Kg2 Qe2 40. Bb1 g5
41. a4 g4 42. a5 Nf3 43. Qc1 Kf7 44. Qf1 Ne1+ 45. Kg1 Qd2 46. a6 Qa5 47. Bd3
Nf3+ 48. Kg2 Qa3 49. Be2 Ne5 50. Qd1 c4 51. Bxg4 Qxa6 52. Be6+ Kg7 53. f4 Qa2+
54. Kh3 Ng6 55. Bf5 Qa8 56. Qc2 Qa1 57. Bxg6 Qh1+ 58. Kg4 Kxg6 59. f5+ Kg7 60.
Qxc4 Qe1 61. Qd3 Qc1 62. Kf3 Qh1+ 63. Ke2 Qg2+ 1/2-1/2

[Event "NB I. Charousek csoport"]
[Site "Balatonfured"]
[Date "2023.10.15"]
[Round "2.12"]
[White "Palla, Gyorgy"]
[Black "Nemeth, Attila Janos"]
[Result "1/2-1/2"]
[WhiteElo "1958"]
[BlackElo "1924"]
[PlyCount "136"]
[EventDate "2023.10.08"]
[EventType "team-tourn"]
[EventRounds "11"]
[EventCountry "HUN"]
[Source "chess.hu"]
[WhiteTeam "Balatonfuredi SC"]
[BlackTeam "Komloi BSK"]
[WhiteTeamCountry "HUN"]
[BlackTeamCountry "HUN"]

1. Nf3 d5 2. g3 c5 3. Bg2 Nc6 4. d4 cxd4 5. Nxd4 e5 6. Nxc6 bxc6 7. O-O Bb7 8.
c4 Qa5 9. cxd5 cxd5 10. Nc3 e4 11. Bd2 Qa6 12. b4 Rd8 13. b5 Qa3 14. Rb1 Nf6
15. Rb3 Qd6 16. Na4 Qe6 17. Ba5 Ra8 18. Qd4 Bd6 19. Nc5 Bxc5 20. Qxc5 Qd7 21.
Bb4 a5 22. Bh3 Qd8 23. Ba3 Nd7 24. Qd4 f6 25. f3 Rc8 26. Qa7 Qc7 27. Rc1 Qb8
28. Qxb8 Rxb8 29. Rc7 Ne5 30. Re7+ Kd8 31. Rxg7 Bc8 32. Bxc8 Kxc8 33. Bd6 Rb7
34. Rxb7 Kxb7 35. Bxe5 fxe5 36. fxe4 d4 37. a4 Rc8 38. g4 Rc3 39. Rb2 Ra3 40.
Kg2 Rxa4 41. g5 Rb4 42. Ra2 Kb6 43. h4 Rb3 44. h5 Rc3 45. h6 Rc8 46. Kg3 Rg8
47. Kg4 Kxb5 48. Rb2+ Kc6 49. Kf5 a4 50. Rb4 Ra8 51. g6 hxg6+ 52. Kxg6 a3 53.
Rb1 Kc5 54. h7 Kc4 55. Rh1 a2 56. Kf6 Kc3 57. Kg7 Kd2 58. Ra1 Ke3 59. Rxa2 Rb8
60. h8=Q Rxh8 61. Kxh8 Kxe4 62. Kg7 Ke3 63. Kf6 e4 64. Ke5 d3 65. exd3 exd3 66.
Ra3 Ke2 67. Kd4 d2 68. Re3+ Kf2 1/2-1/2

[Event "NB I. Charousek csoport"]
[Site "Ajka"]
[Date "2023.10.15"]
[Round "2.1"]
[White "Papp, Levente"]
[Black "Aveskulov, Valeriy"]
[Result "0-1"]
[WhiteElo "2337"]
[BlackElo "2492"]
[PlyCount "82"]
[EventDate "2023.10.08"]
[EventType "team-tourn"]
[EventRounds "11"]
[EventCountry "HUN"]
[Source "chess.hu"]
[WhiteTeam "MTK Budapest"]
[BlackTeam "Sentimento Ajka BSK"]
[WhiteTeamCountry "HUN"]
[BlackTeamCountry "HUN"]

1. c4 e5 2. g3 c6 3. Nf3 d6 4. Bg2 f5 5. O-O Nf6 6. Nc3 Be7 7. d3 O-O 8. Rb1
Kh8 9. b4 Be6 10. b5 Qc7 11. Qa4 Nfd7 12. Ba3 Nb6 13. Qc2 N8d7 14. Nd2 c5 15.
Bb2 Nf6 16. a4 Nbd7 17. a5 Rae8 18. Ra1 f4 19. Nde4 Nxe4 20. Nxe4 Qc8 21. Nd2
Nf6 22. Rae1 Ng4 23. Ne4 h5 24. gxf4 exf4 25. Kh1 Bf5 26. Qc3 Rf7 27. Bc1 Ref8
28. Bf3 Qe6 29. Qd2 Bh7 30. Nc3 Bh4 31. Bd5 Qf6 32. Nd1 Re7 33. Bb2 Qf5 34. f3
Nxh2 35. Rf2 Bxf2 36. Nxf2 Qg5 37. Ne4 Qh4 38. Kg2 Bf5 39. Rh1 Bh3+ 40. Kxh2
Rxe4 41. Qe1 Rxe2+ 0-1

[Event "NB I. Charousek csoport"]
[Site "Ajka"]
[Date "2023.10.15"]
[Round "2.2"]
[White "Czebe, Attila"]
[Black "Ongut, Tamas Gunes"]
[Result "1-0"]
[WhiteElo "2360"]
[BlackElo "2295"]
[PlyCount "105"]
[EventDate "2023.10.08"]
[EventType "team-tourn"]
[EventRounds "11"]
[EventCountry "HUN"]
[Source "chess.hu"]
[WhiteTeam "Sentimento Ajka BSK"]
[BlackTeam "MTK Budapest"]
[WhiteTeamCountry "HUN"]
[BlackTeamCountry "HUN"]

1. Nf3 Nf6 2. g3 g6 3. Bg2 Bg7 4. O-O O-O 5. d3 d5 6. Nbd2 Nc6 7. e4 dxe4 8.
dxe4 h6 9. c3 Nd7 10. Qc2 Nc5 11. Nd4 Nxd4 12. cxd4 Ne6 13. d5 Nd4 14. Qd1 c6
15. Nb3 Nxb3 16. Qxb3 cxd5 17. exd5 Qb6 18. Re1 e6 19. Be3 Qxb3 20. axb3 exd5
21. Bxd5 Be6 22. Bxe6 fxe6 23. Rxa7 Rxa7 24. Bxa7 Ra8 25. Bc5 Kf7 26. Re4 Ra5
27. Bd4 Bf8 28. Bc3 Rb5 29. Rf4+ Rf5 30. Rc4 Rc5 31. Kg2 b5 32. Re4 Rd5 33. h4
Bd6 34. b4 h5 35. Re1 g5 36. hxg5 Rxg5 37. Rd1 Rd5 38. Rxd5 exd5 39. Kh3 Kg6
40. g4 Bc7 41. Kh4 hxg4 42. Kxg4 Bb6 43. f4 Be3 44. f5+ Kf7 45. Be5 Bd2 46. Bc3
Be3 47. Kf3 Bb6 48. Be5 Ke7 49. Ke2 Kd7 50. Kd3 Bg1 51. Bd4 Bh2 52. Bg7 Bg1 53.
Bf8 1-0

[Event "NB I. Charousek csoport"]
[Site "Ajka"]
[Date "2023.10.15"]
[Round "2.4"]
[White "Egresi, Mate"]
[Black "Kovacsy, Barnabas"]
[Result "1-0"]
[WhiteElo "2341"]
[BlackElo "2248"]
[PlyCount "75"]
[EventDate "2023.10.08"]
[EventType "team-tourn"]
[EventRounds "11"]
[EventCountry "HUN"]
[Source "chess.hu"]
[WhiteTeam "Sentimento Ajka BSK"]
[BlackTeam "MTK Budapest"]
[WhiteTeamCountry "HUN"]
[BlackTeamCountry "HUN"]

1. e4 c5 2. Nf3 e6 3. c3 d5 4. exd5 Qxd5 5. d4 Nf6 6. Na3 Nc6 7. Be3 cxd4 8.
Nb5 Qd8 9. Nbxd4 Nxd4 10. Bxd4 Be7 11. Bd3 Qa5 12. Qe2 Bd7 13. Ne5 Bc6 14. Nxc6
bxc6 15. O-O Qc7 16. Rad1 Bd6 17. g3 h5 18. Rfe1 c5 19. Bb5+ Ke7 20. Bxf6+ Kxf6
21. Qf3+ Ke7 22. Rxd6 Qxd6 23. Rd1 Qc7 24. Rd7+ Qxd7 25. Bxd7 Kxd7 26. Qxf7+
Kd6 27. Qxg7 h4 28. Qg5 hxg3 29. hxg3 Rab8 30. b3 Rhf8 31. Qd2+ Kc6 32. Qe3 Kd6
33. Qd3+ Ke5 34. Qa6 Rf7 35. Qc6 Rd8 36. Qxc5+ Ke4 37. Qe3+ Kf5 38. Qf4+ 1-0

[Event "NB I. Charousek csoport"]
[Site "Ajka"]
[Date "2023.10.15"]
[Round "2.5"]
[White "Geher, Koppany"]
[Black "Martini, Balazs"]
[Result "1/2-1/2"]
[WhiteElo "2241"]
[BlackElo "2341"]
[PlyCount "134"]
[EventDate "2023.10.08"]
[EventType "team-tourn"]
[EventRounds "11"]
[EventCountry "HUN"]
[Source "chess.hu"]
[WhiteTeam "MTK Budapest"]
[BlackTeam "Sentimento Ajka BSK"]
[WhiteTeamCountry "HUN"]
[BlackTeamCountry "HUN"]

1. e4 c5 2. Nf3 Nc6 3. d4 cxd4 4. Nxd4 e5 5. Nb5 d6 6. N1c3 a6 7. Na3 Be7 8.
Be3 Nf6 9. Nc4 b5 10. Nb6 Rb8 11. Ncd5 Nxd5 12. Nxd5 O-O 13. Be2 Bg5 14. O-O
Be6 15. c3 Bxe3 16. Nxe3 Ne7 17. Bg4 Qd7 18. Bxe6 Qxe6 19. Qd3 Rfd8 20. Rfd1 a5
21. Nd5 Nxd5 22. Qxd5 Qxd5 23. Rxd5 Kf8 24. Rad1 Ke7 25. g3 Rb6 26. f4 f6 27.
Kf2 Rc8 28. Kf3 Rc4 29. R1d3 f5 30. Re3 Ke6 31. Rd2 fxe4+ 32. Rxe4 Rbc6 33.
fxe5 Rxe4 34. exd6 Re5 35. d7 Rf5+ 36. Ke2 Rf8 37. d8=Q Rxd8 38. Rxd8 b4 39.
Kd3 bxc3 40. bxc3 Rc5 41. Kd4 Rh5 42. h4 Rf5 43. Ra8 Rf3 44. Ra6+ Kf7 45. Rxa5
Rxg3 46. Rf5+ Ke6 47. Rg5 Rh3 48. Rxg7 Rxh4+ 49. Kc5 Rh5+ 50. Kc6 Rh4 51. Kb5
Rh5+ 52. Kb6 Rh4 53. Rc7 h5 54. c4 Rh2 55. Rh7 Rxa2 56. c5 Rb2+ 57. Kc7 Rh2 58.
c6 Kf5 59. Kd8 Rd2+ 60. Rd7 Rc2 61. c7 Kg4 62. c8=Q Rxc8+ 63. Kxc8 h4 64. Rh7
h3 65. Kd7 Kg3 66. Ke6 h2 67. Rxh2 Kxh2 1/2-1/2

[Event "NB I. Charousek csoport"]
[Site "Ajka"]
[Date "2023.10.15"]
[Round "2.6"]
[White "Cseke, Richard"]
[Black "Terbe, Zsuzsanna"]
[Result "0-1"]
[WhiteElo "2300"]
[BlackElo "2171"]
[PlyCount "56"]
[EventDate "2023.10.08"]
[EventType "team-tourn"]
[EventRounds "11"]
[EventCountry "HUN"]
[Source "chess.hu"]
[WhiteTeam "Sentimento Ajka BSK"]
[BlackTeam "MTK Budapest"]
[WhiteTeamCountry "HUN"]
[BlackTeamCountry "HUN"]

1. d4 d5 2. Bf4 c5 3. c3 Nc6 4. e3 Nf6 5. Nf3 Qb6 6. Qb3 c4 7. Qxb6 axb6 8. Na3
Bf5 9. Nb5 Ra5 10. a4 Bc2 11. Ne5 Nxe5 12. dxe5 Ne4 13. e6 fxe6 14. Nd4 Bxa4
15. Nxe6 Kd7 16. f3 Nc5 17. Nxc5+ bxc5 18. Kf2 Ra6 19. Be2 e6 20. b3 Bxb3 21.
Rxa6 bxa6 22. Ra1 Be7 23. Rxa6 Bf6 24. Rd6+ Ke7 25. Rc6 Bxc3 26. Rxc5 e5 27.
Bg5+ Kd6 28. Rb5 Kc6 0-1

[Event "NB I. Charousek csoport"]
[Site "Ajka"]
[Date "2023.10.15"]
[Round "2.7"]
[White "Virag, Balint"]
[Black "Konyves, Almos"]
[Result "0-1"]
[WhiteElo "2147"]
[BlackElo "2279"]
[PlyCount "56"]
[EventDate "2023.10.08"]
[EventType "team-tourn"]
[EventRounds "11"]
[EventCountry "HUN"]
[Source "chess.hu"]
[WhiteTeam "MTK Budapest"]
[BlackTeam "Sentimento Ajka BSK"]
[WhiteTeamCountry "HUN"]
[BlackTeamCountry "HUN"]

1. e4 e5 2. Nf3 Nc6 3. Bb5 a6 4. Ba4 Nf6 5. O-O Be7 6. d3 b5 7. Bb3 d6 8. a4
Rb8 9. h3 O-O 10. axb5 axb5 11. Nc3 h6 12. Be3 Bd7 13. Nd5 Re8 14. Qd2 Bf8 15.
Ra6 Nxd5 16. Bxd5 Ne7 17. Ba7 Nxd5 18. Bxb8 Nf4 19. Ba7 Bxh3 20. Ne1 Bxg2 21.
Nxg2 Qg5 22. Qxf4 exf4 23. f3 c5 24. d4 h5 25. dxc5 dxc5 26. Kh1 Qg3 27. Rc6
Re5 28. Bb8 Rg5 0-1

[Event "NB I. Charousek csoport"]
[Site "Ajka"]
[Date "2023.10.15"]
[Round "2.8"]
[White "Kolimar, Kristof Pal"]
[Black "Gergely, Daniel"]
[Result "1-0"]
[WhiteElo "2264"]
[BlackElo "2147"]
[PlyCount "71"]
[EventDate "2023.10.08"]
[EventType "team-tourn"]
[EventRounds "11"]
[EventCountry "HUN"]
[Source "chess.hu"]
[WhiteTeam "Sentimento Ajka BSK"]
[BlackTeam "MTK Budapest"]
[WhiteTeamCountry "HUN"]
[BlackTeamCountry "HUN"]

1. d4 d5 2. Nf3 c6 3. Bf4 Qb6 4. Nbd2 Qxb2 5. e3 Nf6 6. Bd3 e6 7. O-O Qb6 8. e4
dxe4 9. Nxe4 Nxe4 10. Bxe4 Be7 11. Ne5 O-O 12. Rb1 Qd8 13. Bxh7+ Kxh7 14. Qh5+
Kg8 15. Rb3 f6 16. Ng6 Bd6 17. Rg3 f5 18. Bxd6 Qxd6 19. Qh8+ Kf7 20. Ne5+ Ke8
21. Qh5+ Kd8 22. Rxg7 Nd7 23. Nf7+ Rxf7 24. Qxf7 Kc7 25. h4 Qxd4 26. h5 Qh4 27.
Rd1 Kb6 28. Rxd7 Bxd7 29. Qxd7 Qxh5 30. Qxb7+ Kc5 31. Rd7 Qh8 32. Rd1 Qe8 33.
c3 a5 34. Qc7 Kb5 35. a4+ Kxa4 36. Qb6 1-0

[Event "NB I. Charousek csoport"]
[Site "Ajka"]
[Date "2023.10.15"]
[Round "2.9"]
[White "Toth, Lili"]
[Black "Szelenyi, Norbert"]
[Result "0-1"]
[WhiteElo "1950"]
[BlackElo "2252"]
[PlyCount "88"]
[EventDate "2023.10.08"]
[EventType "team-tourn"]
[EventRounds "11"]
[EventCountry "HUN"]
[Source "chess.hu"]
[WhiteTeam "MTK Budapest"]
[BlackTeam "Sentimento Ajka BSK"]
[WhiteTeamCountry "HUN"]
[BlackTeamCountry "HUN"]

1. d4 e6 2. c4 b6 3. e4 Bb4+ 4. Bd2 Bxd2+ 5. Qxd2 d5 6. cxd5 exd5 7. e5 Ne7 8.
Nc3 O-O 9. Bd3 c5 10. Nf3 Nbc6 11. Ne2 Bg4 12. Qf4 Bxf3 13. gxf3 Ng6 14. Qf5
Qh4 15. O-O-O Nxd4 16. Nxd4 Qxd4 17. Bc2 Qf4+ 18. Kb1 Qxf5 19. Bxf5 d4 20. Rhe1
Rfe8 21. Re4 Re7 22. f4 Nh4 23. Bh3 f5 24. Re2 Rf8 25. Rd3 Kf7 26. Rc2 Ke6 27.
Bf1 Ng6 28. Rf3 Kd5 29. Bb5 Rc7 30. Re2 c4 31. b3 c3 32. Kc2 Kc5 33. a4 Ne7 34.
e6 Nd5 35. Re5 Kd6 36. Bd3 g6 37. Re1 Re8 38. Bc4 Nb4+ 39. Kc1 a6 40. h4 b5 41.
axb5 axb5 42. Bxb5 Rxe6 43. Rd1 Kc5 44. Bc4 Ra7 0-1